Comstock Lode /

Bibliographic Details
Main Author: L'Amour, Louis, 1908-1988
Format: Book
Language:English
Published: New York : Bantam Books, 1981.

MARC

Tag First Indicator Second Indicator Subfields
LEADER 00000cam a2200000 a 4500
001 in00000083065
005 20151008055550.0
008 820223s1981 nyu 00011 eng
010 |a  80070357  
019 |a 7155746 
020 |a 0553013076 (pbk.) :  |c $6.95 
035 |a (OCoLC)07144053 
035 |9 AAJ3800AM 
040 |a DLC  |c DLC  |d TXA  |d UtOrBLW 
049 |a TXAM  |c [1196186] 
050 0 0 |a PS3523.A446  |b C6 1981 
082 0 |a 813/.52  |2 19 
100 1 |a L'Amour, Louis,  |d 1908-1988. 
245 1 0 |a Comstock Lode /  |c Louis L'Amour. 
264 1 |a New York :  |b Bantam Books,  |c 1981. 
300 |a 378 pages ;  |c 23 cm. 
336 |a text  |b txt  |2 rdacontent 
337 |a unmediated  |b n  |2 rdamedia 
338 |a volume  |b nc  |2 rdacarrier 
500 |a "A Bantam Book." 
999 |a MARS 
999 f f |s 2f85996f-e22f-3431-b9d7-0d4e3bfed0ab  |i 393d975d-b0ce-395a-8291-0a8319d3182e  |t 0 
952 f f |p ric  |a Texas A&M University  |b Rellis Campus  |c Joint Library Facility  |d Remote Storage  |t 0  |e PS3523.A446 C6 1981  |h Library of Congress classification  |i unmediated -- volume  |m A14806190892 
998 f f |a PS3523.A446 C6 1981  |t 0  |l Remote Storage